000 00531nam a2200181Ia 4500
005 20250326123641.0
008 250326s9999 xx 000 0 und d
037 _aTextbook
040 _aFMSL
_beng
_cFMSL
041 _aeng
_2eng
084 _aB3obX:8 K5
_qFMSL
100 _aOptner S L
245 0 _aSystems analysis for business and industrial problem solving
_cOptner S L
260 _aNew Jersey
_bNew Jersey, Prentice Hall
_c1965
300 _a116p
942 _cTB
_hB3obX:8 K5
999 _c1270330
_d1270330